| 000 | 00323nam a22001337a 4500 | ||
|---|---|---|---|
| 999 |
_c528011 _d528011 |
||
| 003 | NUST | ||
| 038 | _aM.Ramzan | ||
| 082 |
_a625.85 _bMON |
||
| 100 |
_aMonismith, Corl L _919519 |
||
| 245 |
_aAsphalt paving mixtures / _cCorl L. Monismith |
||
| 260 |
_aCalifornia _bITE _c1961 |
||
| 300 |
_a167 p, : _c25 cm |
||
| 942 |
_2ddc _cBK |
||